000
00241nam a22000857a 4500
008
160926b xxu||||| |||| 00| 0 eng d
100
_9
757
_a
Bala Subramanian.P.
245
_a
Bridges Activity Books-11
260
_a
New Delhi
_b
Frank Publications
_c
2012
999
_c
3414
_d
3414